000 00298nam a2200121Ia 4500
005 20251222155051.0
008 251222s9999||||xx |||||||||||||| ||spa||
082 _aEDUM.39.1-2
100 _aVALER LOPERA,Lucio
245 0 _aCorrientes pedagógicas contemporáneas
264 _bUNMSM
942 _cLIB
999 _c37304
_d37304